000 00580nam a2200193Ia 4500
005 20250923145122.0
008 008 250917s9999 xx 000 0 eng d
037 _aReference
040 _aDSWL
_beng
_cDSWL
041 _aeng
_2eng
084 _aYX,z1;6-Jp1,N55, N61
_qDSWL
245 0 _aCrime and the treatment of offenders , Geneva second
_cby United Nations
260 _aNew York
_b Social Affairs
_c1961
300 _aiii,54 p.
365 _aUSD
_b1.5
925 _g1.5
942 _cREF
_hYX,z1;6-Jp1,N55, N61
999 _c1447365
_d1447365